[Event "Athens of East GM-Open 2019"]
[Site "Madurai"]
[Date "2019.08.13"]
[Round "4.11"]
[White "Ram, S. Krishnan"]
[Black "Muthaiah AL"]
[Result "1/2-1/2"]
[WhiteElo "2192"]
[BlackElo "2384"]
[Annotator "TA"]
[PlyCount "82"]
[EventDate "2019.08.11"]
[EventType "swiss"]
[EventCountry "IND"]
[SourceTitle "playchess.com"]
[Source "ChessBase"]
[SourceQuality "1"]

{[%evp 12,82,21,19,16,20,28,19,24,24,32,26,39,0,0,8,18,-19,8,-34,-8,-10,-12,-22,-11,-10,38,-24,-30,-25,-13,-9,-10,-29,0,-101,-88,-110,-110,-110,-102,-102,-102,-118,-102,-102,-102,-102,-102,-102,-102,-102,-102,-111,-111,-111,-111,-111,-111,-114,0,-111,0,-114,-101,-104,0,-118,0,-110,0,-131,0]} 1. Nf3 d6 2. e4 c5 3. d4 Nf6 4. Nc3 cxd4 5. Nxd4 a6 6. g3 e5 7. Nde2 h6 {B91: Sicilian Najdorf: 6 g3} (7... Be7 8. Bg2 O-O 9. O-O b5 10. Nd5 Nbd7 11. Nec3 Nb6 12. Nxf6+ Bxf6 13. b3 Be6 14. Ba3 Qc7 15. Qd3 Rfc8 16. Bb4 a5 17. Nxb5 Qxc2 18. Qxc2 Rxc2 19. Bxd6 {½-½ (73) Vachier Lagrave,M (2778)-Wojtaszek,R (2749) Shenzhen 2018}) 8. Bg2 Be7 9. a4 O-O {The position is equal.} 10. O-O Be6 11. h3 Nc6 12. Be3 Nb4 13. f4 Qc8 $146 ({Predecessor:} 13... Rc8 14. a5 Qd7 15. g4 {½-½ (48) Kassebaum,R (2360)-Maiwald,J (2400) Germany 1993}) 14. g4 d5 (14... Rd8 {is more complex.} 15. Bb6 Re8 16. Be3 d5 17. f5 d4) 15. exd5 (15. fxe5 {keeps more tension.} Nxe4 16. Nxe4 dxe4 17. Bxe4 Qc7 18. Nf4) 15... Rd8 {[%cal Rf6d5]} 16. dxe6 Rxd1 17. exf7+ $1 Kxf7 18. Raxd1 Bc5 19. Bxc5 (19. fxe5 $14 Bxe3+ 20. Kh1) 19... Qxc5+ $11 20. Kh1 {White wants to play g5.} exf4 21. Nxf4 {[#] aiming for Ne4.} Kg8 $1 22. Bxb7 Rb8 23. Bg2 (23. Ne4 $1 $11 {remains equal.} Qb6 24. Nxf6+ Qxf6 25. Be4 Qxb2 26. Ng6 Nxc2 27. Ne7+ Kh8 28. Rf2) 23... Nxc2 $17 {And now ...Ne3 would win.} 24. Ncd5 {Hoping for Nxf6+.} Ne3 25. b4 {[#]} Qa7 $1 26. Nxe3 Qxe3 27. Rd3 Qe7 28. b5 axb5 29. axb5 Rxb5 30. Nd5 Nxd5 31. Rxd5 Rb2 {Strongly threatening ...Rxg2!} 32. Rdf5 Qe2 {[%csl Gb2][%cal Re2g2]} 33. Rg1 Kh7 34. Rf4 Qd2 35. Rf5 Qe2 36. Rf4 $1 Qd2 37. Rf5 $1 Kg8 38. Bd5+ Kh7 {[%csl Gb2][%cal Rd2h2]} 39. Bg2 $1 Kg8 40. Bd5+ $1 Kh7 {[%csl Gb2][%cal Rd2h2]} 41. Bg2 $1 Kg8 {Accuracy: White = 63%, Black = 39%.} (41... Qd6 $17 42. Rff1 Qd4) 1/2-1/2

[Event "Athens of East GM-Open 2019"]
[Site "Madurai"]
[Date "2019.08.13"]
[Round "4.12"]
[White "Dusthageer, Ibrahim M."]
[Black "Nitin, S.."]
[Result "0-1"]
[WhiteElo "2156"]
[BlackElo "2385"]
[Annotator "TA"]
[PlyCount "62"]
[EventDate "2019.08.11"]
[EventType "swiss"]
[EventCountry "IND"]
[SourceTitle "playchess.com"]
[Source "ChessBase"]
[SourceQuality "1"]

{[%evp 18,106,22,-23,16,16,38,16,16,-8,8,0,0,0,7,0,13,0,0,-66,-88,-92,-68,-112,-108,-109,-119,-123,-114,-111,-119,-107,-107,-139,-139,-203,-156,-196,-204,-214,-198,-348,-339,-460,-470,-464,-456,-535,-462,-706,-703,-689,-689,-775,-788,-813,-796,-833,-841,-843,-833,-826,-804,-795,-772,-1149,-1135,-1078,-1062,-1658,-1575,-1678,-1541,-1614,-1501,-1937,-1576,-2380,-2020,-5089,-29968,-29975,-29976,-29975,-29962,-29969,-29975,-29979,-29980,-29980,-29967]} 1. e4 c5 2. Nf3 e6 3. d4 cxd4 4. Nxd4 a6 5. c4 Nf6 6. Bd3 Qc7 7. O-O Nc6 8. Nxc6 dxc6 9. Be3 e5 10. f3 Be6 {B42: Sicilian: Kan Variation: 5 Bd3} 11. Qc2 Be7 12. c5 Nd7 {The position is equal.} 13. Na3 $146 ({Predecessor:} 13. Nd2 a5 14. Be2 O-O 15. b3 Rfd8 16. Rfd1 h6 17. a3 Bg5 18. Bf2 {0-1 (50) Dvoirys,S (2569)-Bocharov,D (2618) Irkutsk 2010}) 13... O-O 14. Qf2 Qa5 {[%cal Rd7c5]} 15. Rfc1 h6 16. Rc3 Rad8 17. Nc2 Qc7 18. Be2 ({White should try} 18. Na3 $11) 18... f5 $15 19. exf5 Bxf5 20. Qg3 {[#]} Nf6 $1 21. Bd4 Rxd4 22. Nxd4 {[#]} Nh5 $1 {[%cal Rh5g3]} 23. Nxf5 Nxg3 24. Nxg3 b5 25. Ne4 Rd8 26. Rd1 (26. Rc2 $17) 26... Rd4 27. a3 a5 28. Rcd3 Qa7 29. Rxd4 (29. Kf1 {was worth a try.}) 29... Bxc5 $19 (29... exd4 $2 30. Kf1 $19) 30. Nxc5 Qxc5 {[%mdl 64] Pin} 31. b4 axb4 {Played: Qc5-a7} 0-1

[Event "Athens of East GM-Open 2019"]
[Site "Madurai"]
[Date "2019.08.13"]
[Round "4.13"]
[White "Niraj, Saripalli"]
[Black "Nayak Rajesh"]
[Result "0-1"]
[WhiteElo "2150"]
[BlackElo "2250"]
[Annotator "TA"]
[PlyCount "38"]
[EventDate "2019.08.11"]
[EventType "swiss"]
[EventCountry "IND"]
[SourceTitle "playchess.com"]
[Source "ChessBase"]
[SourceQuality "1"]

{[%evp 11,52,2,26,0,0,-18,2,0,11,0,0,-17,13,-4,0,-36,-6,-9,0,-11,-11,-20,-16,-82,-55,-154,-23,-188,-169,-155,-166,-254,-251,-272,-268,-443,-416,-477,-479,-437,-463,-460,-457]} 1. d4 d5 2. Bf4 c5 3. e3 cxd4 4. exd4 Nc6 5. c3 Bf5 6. Nf3 Nf6 7. h3 {B13: Caro-Kann: Exchange Variation and Panov-Botvinnik Attack} (7. Qb3 Na5 8. Qa4+ Bd7 9. Qc2 Rc8 10. Nbd2 g6 11. Bd3 Bg7 12. O-O O-O 13. Ne5 Nc6 14. Nxc6 Bxc6 {0-1 (66) Eljanov,P (2680)-Saric,I (2690) chess.com INT 2019}) 7... e6 8. Qb3 Qc8 9. Nbd2 {The position is equal.} Be7 10. Be2 h6 11. Ne5 Bh7 $146 ({Predecessor:} 11... Nd7 12. Nd3 a6 13. Qd1 Qd8 {0-1 (57) Khotenashvili,B (2476)-Pham,L (2354) Riadh 2017}) 12. Nxc6 bxc6 13. Qa4 O-O 14. Ba6 Qd7 15. Nb3 Bd6 16. Bxd6 Qxd6 17. Na5 (17. Qb4 $11 Qf4 18. O-O) 17... Rab8 $36 {[%mdl 2048] Black has good play.} 18. b4 {[#]} (18. Nb3 $1 $15) 18... Ne4 (18... c5 $1 $17 19. Nc6 Rb6) 19. Rc1 $2 (19. Bd3 $1 $11) 19... Qf4 {Played: Ne4xc3} 0-1

[Event "Athens of East GM-Open 2019"]
[Site "Madurai"]
[Date "2019.08.13"]
[Round "4.14"]
[White "Nikhil Magizhnan"]
[Black "Laxman, R.R."]
[Result "0-1"]
[WhiteElo "2164"]
[BlackElo "2429"]
[Annotator "TA"]
[PlyCount "86"]
[EventDate "2019.08.11"]
[EventType "swiss"]
[EventCountry "IND"]
[SourceTitle "playchess.com"]
[Source "ChessBase"]
[SourceQuality "1"]

{[%evp 16,86,27,7,5,-11,-18,-35,-23,-8,11,-22,-7,-6,0,-24,60,59,55,0,67,0,55,0,0,0,0,-37,-11,-73,-41,-114,-114,-174,-170,-178,-166,-181,-169,-170,-143,-205,-203,-311,-318,-328,-292,-318,-340,-335,-323,-427,-428,-628,-679,-678,-678,-670,-670,-663,-652,-612,-640,-640,-635,-716,-612,-750,-747,-29969,-29969,-941,-737]} 1. e4 e5 2. Nf3 Nc6 3. Bb5 a6 4. Ba4 Nf6 5. O-O Be7 6. Re1 b5 7. Bb3 O-O 8. a4 b4 9. d4 d6 {C88: Closed Ruy Lopez: Anti-Marshall Systems} 10. d5 (10. dxe5 dxe5 11. Nbd2 Bc5 12. a5 h6 13. h3 Qd6 14. Qe2 Be6 15. Nc4 Qe7 16. Be3 Rab8 17. Bxc5 Qxc5 18. Ncd2 Rfe8 19. Qxa6 {1-0 (38) Aronian,L (2763)-Svidler,P (2735) Karlsruhe/Baden Baden 2019}) 10... Na5 11. Ba2 Rb8 {Black is slightly better.} 12. Nbd2 c5 $146 ({Predecessor:} 12... c6 13. dxc6 Be6 14. Bxe6 fxe6 15. Qe2 Qb6 16. Nc4 Nxc4 17. Qxc4 {½-½ (33) Aronian,L (2562)-Minasian,A (2480) Yerevan 2001}) 13. Bc4 Nxc4 14. Nxc4 Ne8 15. Qe2 g6 ({Black should play} 15... f5 $11) 16. Bh6 $14 Ng7 17. Qd2 (17. Nfd2 $14) 17... f6 (17... a5 $11) 18. h3 (18. a5 $14) 18... Rf7 (18... a5 $11) 19. Rad1 ({Better is} 19. a5 $14) 19... a5 $11 20. b3 Ba6 21. Nb2 Qd7 22. Kh2 (22. c4 $11) 22... f5 $17 23. Bxg7 (23. Ng5 $1 $15 Bxg5 24. Bxg5) 23... Kxg7 24. Ng5 (24. Nd3 $17) 24... Bxg5 $1 $19 25. Qxg5 fxe4 26. Rxe4 Rxf2 27. Rxe5 {[#] Threatens to win with Re7+.} Re8 28. Rxe8 (28. Re6 $17 Bf1 29. Rd2 Rxd2 30. Qxd2 Rxe6 31. dxe6 Qxe6 32. Qg5) 28... Qxe8 29. Qg3 (29. Nd3 $142 Bxd3 30. cxd3) 29... Rxc2 30. Re1 Qf8 31. Nd1 {Black should prevent Re6.} Re2 32. Rxe2 Bxe2 33. Ne3 Qf6 34. h4 {[#]} (34. Kg1 $142 c4 35. Nxc4 Bxc4 36. bxc4) 34... c4 $1 {[%mdl 512]} 35. bxc4 b3 {Hoping for ...b2.} 36. Ng4 Bxg4 37. Qxb3 Qxh4+ 38. Kg1 Qe1+ 39. Kh2 Qe5+ 40. Kg1 h5 41. Qb7+ Kh6 42. Qa8 h4 43. Qf8+ Kh5 {Accuracy: White = 24%, Black = 65%.} 0-1

[Event "Athens of East GM-Open 2019"]
[Site "Madurai"]
[Date "2019.08.13"]
[Round "4.15"]
[White "Sa, Kannan"]
[Black "Triapishko, Alexandr"]
[Result "0-1"]
[WhiteElo "1982"]
[BlackElo "2515"]
[Annotator "TA"]
[PlyCount "86"]
[EventDate "2019.08.11"]
[EventType "swiss"]
[EventCountry "IND"]
[SourceTitle "playchess.com"]
[Source "ChessBase"]
[SourceQuality "1"]

{[%evp 9,86,-2,8,-8,25,1,-4,-15,-18,-30,-18,-47,-17,-33,-32,-29,-27,-30,-33,-33,-21,-60,-20,-30,-30,-28,-10,-14,-14,-33,-27,-37,-22,-47,-47,-53,-53,-76,-54,-108,-76,-76,-76,-78,-69,-112,-112,-113,-91,-199,-201,-187,-169,-170,-187,-276,-320,-319,-302,-291,-275,-313,-325,-333,-328,-308,-320,-920,-904,-823,-804,-2192,-2043,-2305,-2324,-2710,-2025,-2477,-2115]} 1. d4 Nf6 2. Nf3 g6 3. Nc3 d5 4. Bf4 Bg7 5. Qd2 (5. e3 c6 6. h3 Bf5 7. Bd3 Bxd3 8. cxd3 Nbd7 9. e4 O-O 10. e5 Ne8 11. h4 c5 12. dxc5 Nxc5 13. d4 Ne4 {½-½ (42) Vitiugov,N (2720)-Saric,I (2690) Caleta 2019}) 5... c5 6. e3 {D00: 1 d4 d5: Unusual lines} Nc6 7. Bb5 $146 ({Predecessor:} 7. Ne5 O-O 8. Be2 Nd7 9. Nxd7 Bxd7 10. dxc5 d4 11. exd4 Nxd4 12. O-O Qa5 13. Be3 Rfd8 14. Bd3 Bf5 15. Bxd4 Rxd4 16. Qe3 Bxd3 17. cxd3 Qxc5 {0-1 (35) Gutsch,F (2052)-Steindl,J (2232) Austria 2017}) 7... O-O 8. Bxc6 {The position is equal.} bxc6 9. Be5 cxd4 10. exd4 Bg4 11. Qf4 {Hoping for Bxf6.} Bxf3 12. Qxf3 Nd7 13. Bxg7 Kxg7 14. O-O-O e6 (14... Re8 {seems wilder.} 15. Rhe1 Rb8 16. b3 Qa5 17. Qg3 e6) 15. Ne2 Qf6 (15... Rb8 {with more complications.} 16. Kb1 h5 17. b3 a5 18. Nc3 Qe7) 16. Qxf6+ Kxf6 17. h4 c5 18. h5 g5 19. g4 h6 20. c3 Kg7 21. f4 c4 22. fxg5 hxg5 23. Rdg1 Nf6 24. Ng3 (24. Rg2 $15) 24... Kh6 25. Nf1 Ne4 26. Ne3 Rad8 27. Rh3 {[#]} f5 $1 28. Rf3 {[%cal Rg4f5]} f4 29. Nf1 {[#]} (29. Nc2 $17) 29... e5 $1 $19 {[%mdl 512]} 30. dxe5 Rfe8 31. Nd2 Rxe5 32. Rd1 (32. Rff1 $142) 32... Rde8 33. Rff1 {and if Nf3 works, White does fine.} Nf6 34. Nf3 Re3 ({Less strong is} 34... Nxg4 35. Nxe5 Rxe5 36. Rde1 $17) 35. Rd2 Nxg4 36. Rxd5 Ne5 37. Nd4 Kxh5 38. Nf5 $2 (38. Kd1 Nd3 39. Nf3 Nxb2+ {[#]} 40. Kc2 $1 {[%mdl 512]} Re2+ 41. Kb1) 38... Nd3+ {Black is clearly winning.} 39. Rxd3 cxd3 40. Ng7+ Kg4 41. Nxe8 Rxe8 42. Rg1+ Kf5 43. Kd2 f3 {Accuracy: White = 27%, Black = 62%.} 0-1

[Event "Athens of East GM-Open 2019"]
[Site "Madurai"]
[Date "2019.08.13"]
[Round "4.16"]
[White "Harshavardhan G B"]
[Black "Arnav Maheshwari"]
[Result "0-1"]
[WhiteElo "2391"]
[BlackElo "1966"]
[Annotator "TA"]
[PlyCount "54"]
[EventDate "2019.08.11"]
[EventType "swiss"]
[EventCountry "IND"]
[SourceTitle "playchess.com"]
[Source "ChessBase"]
[SourceQuality "1"]

{[%evp 9,54,-32,-16,-56,-21,-76,-78,-108,-107,-101,39,-63,-49,-68,-52,-69,-34,-388,-387,-425,-426,-428,-425,-564,-583,-727,-508,-621,-616,-820,-835,-963,-947,-1047,-1035,-1082,-1068,-1291,-1250,-1500,-1489,-29982,-29983,-29983,-29983,-2615,-2579]} 1. d4 Nf6 2. c4 b6 3. Nc3 Bb7 4. Qc2 d5 5. Bg5 dxc4 6. O-O-O $146 {A50: Queen's Fianchetto Defence (1 d4 Nf6 2 c4 b6)} ({Predecessor:} 6. Rd1 h6 7. Bxf6 exf6 8. e4 b5 9. Nxb5 Bb4+ 10. Nc3 O-O 11. d5 f5 12. Bxc4 fxe4 {1-0 (57) Mamedyarov,S (2757)-Anton Guijarro,D (2607) Doha 2014}) 6... Nd5 7. e4 (7. Nf3 $11) 7... Nxc3 $17 8. bxc3 {Black is better.} b5 9. Qb1 Qd6 ({Better is} 9... Ba6 $17) 10. Bxc4 (10. Qxb5+ $14 Bc6 11. Qxc4) 10... a6 $1 $15 11. Bd3 c5 12. d5 g6 13. f4 $2 {[%mdl 8192] [#]} (13. Ne2 $15) 13... c4 $1 $19 14. Bc2 h6 15. e5 Qa3+ {[%mdl 64] Double Attack} 16. Kd2 {If only White now had time for Bh4....} hxg5 17. Bxg6 Bxd5 18. Ke2 e6 19. Rxd5 exd5 20. Bxf7+ Kxf7 21. Qf5+ Ke8 22. Qc8+ Ke7 23. f5 Nd7 24. f6+ Nxf6 25. Qxa8 Qb2+ 26. Kf1 Qc1+ 27. Ke2 Qc2+ {Accuracy: White = 29%, Black = 50%.} 0-1

[Event "Athens of East GM-Open 2019"]
[Site "Madurai"]
[Date "2019.08.13"]
[Round "4.17"]
[White "Om Kharola"]
[Black "Gokhale Rishabh Chandrashekhar"]
[Result "1-0"]
[WhiteElo "2357"]
[BlackElo "1981"]
[Annotator "TA"]
[PlyCount "63"]
[EventDate "2019.08.11"]
[EventType "swiss"]
[EventCountry "IND"]
[SourceTitle "playchess.com"]
[Source "ChessBase"]
[SourceQuality "1"]

{[%evp 9,63,0,2,0,21,17,18,14,17,30,55,63,104,75,68,83,83,54,60,-43,111,-21,14,-52,-21,-122,-68,-68,-68,-64,-73,-74,-60,-187,-189,-768,189,200,201,204,479,454,402,403,381,391,412,322,1118,1140,1103,1092,1014,830,963,820]} 1. e4 e5 2. a3 Nf6 3. Nc3 Nc6 4. Nf3 g6 (4... d5 5. Bb5 Nxe4 6. Qe2 Qd6 7. Nxe4 dxe4 8. Qxe4 Bd7 9. d3 O-O-O 10. O-O Re8 11. Qe2 Qg6 12. Be3 Bd6 {0-1 (55) Caruana,F (2816)-Kramnik,V (2792) Paris 2018}) 5. d4 exd4 6. Nxd4 {C47: Scotch Four Knights and Four Knights with 4 g3} d6 7. f3 $146 ({Predecessor:} 7. Bb5 Bd7 8. O-O Bg7 9. Bxc6 bxc6 10. Bg5 O-O 11. Qd2 Re8 12. Rae1 Qb8 13. b3 {1-0 (45) Safarli,E (2639)-Sjugirov,S (2650) Riadh 2017}) 7... Bg7 8. Be3 {The position is equal.} O-O 9. Qd2 Re8 10. O-O-O Bd7 11. Kb1 a6 12. g4 b5 13. h4 Ne5 {Threatening ...c5.} 14. Be2 (14. Bh6 $14) 14... Rb8 $2 (14... c5 $15) 15. Nb3 (15. Bh6 $16) 15... a5 16. Nxa5 ({White should try} 16. Bg5 $11) 16... c5 $1 $15 17. b4 {[#]} (17. g5 $11 Nh5 18. Nb3) 17... cxb4 (17... Nc4 $1 $17 {[%mdl 512]} 18. Nxc4 bxc4) 18. axb4 {Ba7 is the strong threat.} Nc4 $1 {[%cal Rc4d2]} 19. Nxc4 bxc4 {[%cal Bb5c4,Bc4c3][%mdl 32]} 20. Na2 (20. Bxc4 $2 Rxb4+ 21. Bb3 Qa5 $19) 20... d5 $1 {Hoping for ...c3.} ({Not} 20... Nxe4 21. fxe4 Rxe4 22. Qxd6 $16) 21. g5 {[#]} ({Don't go for} 21. exd5 $2 c3 $1 $19 {[%mdl 512]}) ({Better is} 21. Bd4 $15 dxe4 22. g5) 21... c3 $1 $19 {[%cal Rc3d2]} 22. Qd3 $2 {[#]} (22. Qd4 Ng4 23. Qxd5 Nxe3 24. Qxd7) 22... Bb5 $4 {[%mdl 8192]} (22... Rxb4+ $3 $19 {[%mdl 512] avoids the disaster.} 23. Nxb4 Qa5 24. Qxc3 Nxe4 {[%mdl 64] Discovered Attack} 25. Qxg7+ Kxg7 26. fxe4 Qxb4+ {[%mdl 64] Double Attack} 27. Kc1 Rxe4) 23. Qxb5 $1 $18 Rxb5 24. Bxb5 Re6 $2 (24... Nxe4 25. Bxe8 (25. fxe4 Rxe4 26. Bc1 Qe7 $16) 25... Ng3) 25. gxf6 Qxf6 26. Bg5 Qxf3 27. exd5 Rb6 28. Bc4 Qe4 $2 (28... h6) 29. Rhe1 {White is clearly winning.} Rxb4+ 30. Nxb4 Qxc4 31. Re8+ Bf8 32. Be7 {Played: Re8-b8} 1-0

[Event "Athens of East GM-Open 2019"]
[Site "Madurai"]
[Date "2019.08.13"]
[Round "4.18"]
[White "Saravana, Krishnan P."]
[Black "Pattnayak Nilsu"]
[Result "1-0"]
[WhiteElo "2277"]
[BlackElo "1967"]
[Annotator "TA"]
[PlyCount "71"]
[EventDate "2019.08.11"]
[EventType "swiss"]
[EventCountry "IND"]
[SourceTitle "playchess.com"]
[Source "ChessBase"]
[SourceQuality "1"]

{[%evp 13,71,-10,-4,0,2,3,-4,-5,35,37,49,33,55,48,43,50,54,49,49,50,48,48,61,55,45,0,0,0,0,0,103,96,100,94,94,86,234,218,290,263,370,359,534,524,699,673,654,627,716,692,1448,1505,1123,1098,5197,5197,4898,4822,1797,1754]} 1. e4 c5 2. Nf3 Nc6 3. Bb5 g6 4. c3 Nf6 5. Qe2 Bg7 6. O-O O-O 7. Rd1 d5 8. e5 {B31: Sicilian: 2...Nc6 3 Bb5 g6} Ne8 (8... Nd7 9. d4 a6 10. Ba4 cxd4 11. cxd4 b5 12. Bb3 Nb6 13. Nc3 Bg4 14. h3 Bxf3 15. Qxf3 e6 {1-0 (30) Mamedov,R (2660)-Savchenko,B (2632) Moscow 2010}) 9. d4 cxd4 10. cxd4 {The position is equal.} Bg4 11. Bxc6 bxc6 12. Nbd2 f6 $146 ({Predecessor:} 12... Nc7 13. h3 Bxf3 14. Nxf3 Ne6 15. Ng5 Nxg5 16. Bxg5 {1-0 (38) Berzina,I (2278)-Llaneza Vega,P (2276) Turin 2006}) 13. h3 Bxf3 14. Nxf3 Qb6 15. b3 Nc7 16. Ba3 Rfe8 17. Rac1 Ne6 18. Bb2 a5 19. exf6 exf6 {[#] And now ...Nf4 would win.} 20. Qc2 Rac8 21. Re1 Nf4 (21... Bh6 $11 {remains equal.}) 22. Rxe8+ $16 Rxe8 23. Qxc6 Qxc6 24. Rxc6 Re2 (24... g5 $16) 25. Bc1 $18 Nd3 {[#]} 26. Bd2 $1 f5 (26... Kf7 $142 27. Rc3 (27. Bxa5 Rxa2 28. Bd2 Ra1+ 29. Kh2 Nxf2 $11) 27... Nb4) 27. Rc3 Nb4 (27... Nxf2 {keeps fighting.} 28. Rc8+ {[%mdl 64] Discovered Attack} Kf7) 28. a3 {White is clearly winning.} Bxd4 29. Rc8+ {[%mdl 64] Zwischenzug} ({Weaker is} 29. Nxd4 Rxd2 30. axb4 Rxd4 $16) 29... Kf7 {intending ...Nd3.} 30. axb4 {[%cal Ba3b4,Bb4a5,Ba5a6,Ba6a7][%mdl 32]} ({Less strong is} 30. Nxd4 Rxd2 31. axb4 Rxd4 $16) 30... Rxf2 31. Rc7+ Kg8 {Hoping for ...Rxf3+.} 32. Nxd4 Rxd2 33. bxa5 Rxd4 34. a6 Rd1+ 35. Kh2 Ra1 36. a7 {Accuracy: White = 74%, Black = 34%.} 1-0

[Event "Athens of East GM-Open 2019"]
[Site "Madurai"]
[Date "2019.08.13"]
[Round "4.19"]
[White "Jain Kashish Manoj"]
[Black "Kunal, M.."]
[Result "0-1"]
[WhiteElo "1970"]
[BlackElo "2306"]
[Annotator "TA"]
[PlyCount "120"]
[EventDate "2019.08.11"]
[EventType "swiss"]
[EventCountry "IND"]
[SourceTitle "playchess.com"]
[Source "ChessBase"]
[SourceQuality "1"]

{[%evp 9,120,13,44,25,66,28,38,14,19,-43,-50,-35,-32,-42,-45,-66,-55,-53,-45,-48,-39,-46,-43,-57,-32,-64,-59,-65,-54,-69,-70,-78,-54,-219,-106,-104,-64,-61,-62,-111,-106,-115,-114,-146,-89,-264,-258,-256,-233,-230,-230,-266,-259,-303,-207,-255,-207,-263,-260,-227,-149,-155,-77,-82,-79,-1025,-1000,-1040,-1039,-977,-933,-897,-903,-841,-893,-725,-866,-519,-367,-883,-867,-793,-793,-29972,-29977,-29977,-29978,-29978,-29979,-29979,-29978,-29978,-29979,-29979,-29976,-29976,-29976,-29986,0,-29976,-29977,-29977,-29978,-29985,-29979,-29981,-29982,-29987,-29981,-29984,-29985,-29990,-29987]} 1. e4 c6 2. d4 d5 3. e5 c5 4. dxc5 e6 5. Be3 Nc6 (5... Nd7 6. Nf3 Bxc5 7. Bxc5 Nxc5 8. Qd4 Qb6 9. a4 Ne7 10. a5 Qc7 11. Qc3 Bd7 12. b4 Na6 13. Qb2 O-O {½-½ (31) Ter Sahakyan,S (2590)-Ponomariov,R (2667) Skopje 2019}) 6. Nf3 {B12: Caro-Kann: Advance Variation} Nh6 7. c3 (7. Bxh6 $5 gxh6 8. Nc3 $11) 7... Nf5 8. Bd4 {White is slightly better.} Bd7 9. Bd3 (9. a3 $11) 9... Nfxd4 $146 ({Predecessor:} 9... Ncxd4 10. cxd4 b6 11. cxb6 Qxb6 12. Nc3 Nxd4 13. Nxd4 Qxd4 {0-1 (56) Fogarasi,N (2190)-Lyell,M (2225) Budapest 2013}) 10. cxd4 b6 11. cxb6 Qxb6 {[%mdl 64] Double Attack} 12. O-O Nxd4 13. Nxd4 Qxd4 14. Nc3 Rb8 15. Qe2 Be7 16. Rfd1 Qf4 17. a4 O-O 18. Bb5 Bxb5 19. axb5 Bc5 20. Ra4 Qf5 21. Rd3 $2 {[#]} (21. g3 $15) 21... f6 (21... Bxf2+ $1 $19 {[%mdl 512]} 22. Kh1 (22. Qxf2 Qxd3) 22... Bb6) 22. exf6 $17 Rxf6 {[%cal Rf5f2]} 23. Rf3 Qh5 24. g4 Qf7 25. Rxf6 Qxf6 26. Kg2 Bb6 (26... Rf8 $142 $1 {[%cal Rf6f2]} 27. f3 h5 $1 {[%mdl 512]} 28. gxh5 Qh6) 27. h4 $2 {[#]} (27. Ra6 $17 {is a better defense.}) 27... Rf8 $1 $19 {[%cal Rf6f2]} ({Not} 27... Qxh4 28. Qxe6+ Kh8 29. Qf5 $14) 28. Nd1 {[#]} e5 $1 (28... Qxh4 29. Qxe6+ Kh8 30. Rf4 $11) 29. g5 Qd6 30. Rg4 e4 31. Rg3 g6 32. h5 Qe5 33. hxg6 hxg6 34. Ne3 Bxe3 35. fxe3 {[%mdl 4096] Endgame KQR-KQR} Rf5 (35... Rc8 $142 {Hoping for ...Rc1.} 36. Qd2 Rc5) 36. Qc2 $17 Rxg5 37. Qc8+ $2 {[%mdl 8192] [#]} (37. Rxg5 $17 Qxg5+ {[%mdl 64] Double Attack} 38. Kf2) 37... Kh7 $1 38. Qb7+ {[#]} Kh6 $1 39. Rxg5 Qxg5+ $19 {KQ-KQ} ({Worse is} 39... Kxg5 40. Qxa7 Qxb2+ 41. Kg3 $11) 40. Kf2 {[#]} d4 $1 {[%mdl 512]} 41. exd4 Qd2+ 42. Kg3 Qe3+ 43. Kg2 Qxd4 44. Qe7 $2 (44. Qc6 Qxb2+ 45. Kg3) 44... Qxb2+ 45. Kg3 Qc3+ 46. Kh2 Qd2+ 47. Kh1 Qc1+ 48. Kh2 Qf4+ 49. Kh1 e3 50. b6 axb6 51. Qe8 Qh4+ 52. Kg2 Qg4+ 53. Kh1 Qh4+ 54. Kg2 Qf6 {Black mates.} 55. Kh1 Kh5 56. Qb5+ Qg5 57. Qe2+ Qg4 58. Qb5+ g5 59. Qe8+ Kh4 60. Qh8+ Qh5 {Accuracy: White = 32%, Black = 61%.} 0-1

[Event "Athens of East GM-Open 2019"]
[Site "Madurai"]
[Date "2019.08.14"]
[Round "5.1"]
[White "Venkatesh, M.R."]
[Black "Das, Sayantan"]
[Result "1-0"]
[WhiteElo "2480"]
[BlackElo "2409"]
[Annotator "TA"]
[PlyCount "73"]
[EventDate "2019.08.11"]
[EventType "swiss"]
[EventCountry "IND"]
[SourceTitle "playchess.com"]
[Source "ChessBase"]
[SourceQuality "1"]

{[%evp 16,73,25,6,49,11,21,6,43,9,38,12,31,45,39,33,37,47,30,35,85,90,82,68,64,62,180,150,160,174,185,171,156,160,145,152,155,150,147,146,230,228,222,222,196,220,322,320,503,489,475,418,560,558,505,458,470,446,524,539]} 1. e4 c5 2. Nf3 e6 3. d3 Nc6 4. g3 d5 5. Nbd2 Bd6 6. Bg2 Nge7 7. O-O Qc7 8. Re1 O-O 9. c3 b5 {A08: King's Indian Attack} (9... d4 10. cxd4 cxd4 11. a3 e5 12. Nc4 f6 13. Bd2 Be6 14. Rc1 Ng6 15. h4 Bg4 16. Kh2 Qd7 17. h5 Nge7 {½-½ (49) Giuliani,S (2630)-Brooks,I (2581) ICCF email 2009}) 10. d4 $146 ({Predecessor:} 10. Qe2 f6 11. d4 cxd4 12. Nxd4 Nxd4 13. cxd4 Rb8 14. Nb3 dxe4 15. Bxe4 e5 16. Bd2 Be6 17. Rac1 {0-1 (42) Mateus,M (2125)-Herrera,J (2292) Medellin 2018}) 10... cxd4 11. cxd4 f6 {The position is equal.} 12. a3 Bd7 13. Nb3 a5 14. exd5 Nxd5 15. Bd2 a4 16. Nc5 Bxc5 17. dxc5 Nce7 18. Nd4 {c6 is the strong threat.} e5 19. c6 $1 {[%cal Rc6d7]} exd4 20. cxd7 Rad8 (20... Qxd7 $14 21. Re4 Nc6) 21. Qg4 $18 {Threatens to win with Bxd5+.} ({Stronger than} 21. Bb4 Nxb4 22. Rxe7 Qd6 $11) 21... Qxd7 22. Qxd4 Nc6 {[#]} 23. Qc5 $1 Ne5 {[#]} 24. Rxe5 $1 {[%mdl 512]} fxe5 {[#]} 25. Ba5 $1 {[%cal Ra5d8]} Nf6 26. Bxd8 Rxd8 27. Qxe5 Kh8 (27... Ng4 $16 {might work better.} 28. Qe2 Re8) 28. h3 h6 29. Rc1 Qd2 30. Rc7 Rf8 (30... Qd4 $142 31. Qxd4 (31. Qxb5 Ne4 $18) 31... Rxd4) 31. Qc5 (31. Qe7 Rg8 $16) 31... Nh7 (31... Rd8 $142 32. Rc8 (32. Qxb5 Qe1+ 33. Qf1 Qd2 $18) 32... Rxc8 33. Qxc8+ Ng8) 32. Rc8 Qe1+ 33. Bf1 Kg8 34. Qd5+ {White is clearly winning.} Kh8 35. Rxf8+ Nxf8 36. Qxb5 Qe4 37. Bd3 {Accuracy: White = 76%, Black = 42%.} 1-0